000 00402nam a2200145Ia 4500
008 151015s9999 xx 000 0 und d
020 _a73033278
050 _aTA 194.G75 2000
245 _aGriffis F.H
250 _a_Construction planning for Engineers
300 _aUSA M Graw-Hill. 2000
500 _aIncludes index
650 _a_Engineering- management
700 _a^d20130522 02:57:11^oanne
999 _c4686
_d4686